000 00825nam a2200289Ia 4500
001 74208
003 IT-RoPAU
008 130308s9999 xx 000 0 und d
040 _aIT-RoPAU
040 _cIT-RoPAU
041 _aITALIANO
100 _aRighini Pietro
100 _gCodice Aut. SPICS: 2035
245 _aInfluenza degli usi e costumi musicali sul rapporto fra l'uomo e il suono
245 _bMusicoterapia Realta' & Futuro-Atti del V congresso Mondiale di musicoterapia
250 _a1a ed.
260 _aTORINO
260 _bOmega
260 _c1988 [1° Ed.:1988 - Ed.Ling.Originale:1988]
300 _a"21 p. (prefazione: no ; testo: 21 [pagine: 46-66])"
650 _aSAGGI MUSICALI
650 _eCodice materia Spics: 7011
942 _cBK
957 _71
999 _c59993
_d59993
999 _bSI
999 _g1